00506nam a22001577a 450000500170000000800410001702000180005805000260007610000200010224500580012225000120018026000550019230000490024752100280029665000240032420141008153626.0141008b xxu||||| |||| 00| 0 eng d a9780273768517 aHF 5415.2b.B937 2014 aBurns, Alvin C. aMarketing research /cAlvin C. Burns, Ronald F. Bush. a6th ed. aUpper Saddle River, N.J. :bPrentice Hall,cc2014. a487 pages :bcolored illustrations ;c26 cm. aBusiness Administration aMarketing research.